000 00424nam a2200157 i 4500
001 129623
003 ES-MaACL
007 t|
008 070627s1918 fr ||||1| fre d
100 1 _aFrance, Anatole,
_d1844-1924
_9240108
245 1 3 _aLe petit Pierre /
_cAnatole France.
260 _aParis :
_b[Coulommiers,
_c1918]
300 _a338 p. ;
_c18 cm.
852 _aES-MaACL
_jB-2767
999 _c129623
_d129623